Statistiques concernant Capitales des Provinces des Pays-Bas

Cliquez ici pour prendre le quiz!

Statistiques générales

  • Ce quiz a été pris 28 fois
  • Le résultat moyen est 6 sur 12

Statistiques - réponses

ProvinceCapitale% Correct
U------Utrecht
85%
G--------Groningue (Groningen)
69%
Hollande-Septentrionale (Noord-Holland)Haarlem
62%
Limbourg (Limburg)Maastricht
62%
Brabant-Septentrional / Brabant-du-NordBois-le-Duc ('s-Hertogenbosch)
54%
Frise (Friesland)Leeuwarden
46%
FlevolandLelystad
38%
Zélande (Zeeland)Middelbourg (Middelburg)
38%
Gueldre (Gelderland)Arnhem
31%
OverijsselZwolle
31%
DrentheAssen
23%
Hollande-Méridionale (Zuid-Holland)La Haye (Den Haag)
15%

Distribution des résultats

Percentile par nombre de réponses

% des personnes avec chaque résultat

Votre développement - résultats

Vous n’avez pas pris ce quiz